Countries by A Picture Clue - Statistics

General Stats
  • This quiz has been taken 600 times
    596 since last reset
  • The average score is 12 of 20
Answer Stats
Picture Answer % Correct
France
99%
United States
83%
Russia
81%
Israel
80%
Mexico
80%
South Africa
78%
Norway
75%
United Kingdom
71%
Japan
68%
Italy
63%
New Zealand
59%
United Arab Emirates
55%
Croatia
51%
Australia
48%
China
48%
Cambodia
41%
Denmark
36%
Mauritius
24%
Afghanistan
22%
Germany
15%
No matching quizzes found
Score Distribution
Percent of People with Each Score
Percentile by Number Answered
Your Score History
You have not taken this quiz since the last reset